Prezydenci Krajowej Rady Narodowej(1952-1989) - Statystyki

Ogólne statystyki
  • Ten quiz został rozwiązany 16 razy
  • Średni wynik to 2 z 6
Statystyki odpowiedzi
Od-Do Odpowiedź % Poprawnych
1985-1989 Wojciech Jaruzelski
100%
1970-1972 Józef Cyrankiewicz
44%
1964-1968 Edward Ochab
25%
1952-1964 Aleksander Zawadzki
19%
1972-1985 Henryk Jabłoński
19%
1968-1970 Marian Spychalski
19%
Nie znaleziono quizów pasujących do podanych kryteriów
Rozkład punktacji
Procent ludzi z każdym wynikiem
Percentyl według liczby udzielonych odpowiedzi
Twoja historia wyników
Nie rozwiązałeś tego quizu